[Event "MNT-chT"]
[Site "Herceg Novi"]
[Date "2023.05.04"]
[Round "5.3"]
[White "Djurovic, Peko"]
[Black "Pekic, Momcilo"]
[Result "1-0"]
[WhiteElo "2227"]
[BlackElo "1723"]
[PlyCount "85"]
[EventDate "2023.05.01"]
[EventType "team-tourn"]
[EventRounds "9"]
[EventCountry "MNE"]
[SourceTitle "CBM 214 Extra"]
[Source "ChessBase"]
[SourceDate "2023.07.31"]
[SourceVersion "1"]
[SourceVersionDate "2023.07.31"]
[SourceQuality "1"]
[WhiteTeam "Crnogorac"]
[BlackTeam "Dama"]
[WhiteTeamCountry "MNE"]
[BlackTeamCountry "MNE"]

1. e4 c5 2. Nf3 d6 3. d4 cxd4 4. Nxd4 Nf6 5. Nc3 a6 6. h3 e5 7. Nde2 h5 8. g3 Be7 9. Bg2 b5 10. 0-0 Be6 11. Be3 Nbd7 12. f4 Nb6 13. b3 b4 14. Nd5 Bxd5 15. exd5 Rc8 16. a3 e4 17. Bxb6 Qxb6+ 18. Qd4 Qxd4+ 19. Nxd4 Nxd5 20. Rae1 bxa3 21. Bxe4 Nb4 22. Nf5 Rc7 23. Nxe7 Rxe7 24. c3 d5 25. Bf3 Nc2 26. Rc1 Ne3 27. Rfe1 Kd7 28. Kf2 Rhe8 29. Re2 h4 30. g4 f5 31. g5 Kd6 32. Ra2 Rc7 33. Rxa3 Rc6 34. Ra2 Kc5 35. Rd2 Rce6 36. Ra1 Rb8 37. Rd3 Rbe8 38. Ra2 d4 39. cxd4+ Kb4 40. Re2 Nc4 41. bxc4 Kxc4 42. Rxe6 Rxe6 43. d5 1-0

[Event "MNT-ch 75th"]
[Site "Podgorica"]
[Date "2023.02.13"]
[Round "9"]
[White "Nikcevic, Nebojsa"]
[Black "Djurovic, Peko"]
[Result "1-0"]
[WhiteElo "2395"]
[BlackElo "2112"]
[PlyCount "127"]
[EventDate "2023.02.05"]
[EventType "swiss"]
[EventRounds "9"]
[EventCountry "MNE"]
[SourceTitle "CBM 212 Extra"]
[Source "ChessBase"]
[SourceDate "2023.03.31"]
[SourceVersion "1"]
[SourceVersionDate "2023.03.31"]
[SourceQuality "1"]

1. d4 d5 2. c4 e6 3. Nc3 c5 4. e3 Nf6 5. Nf3 Nc6 6. cxd5 exd5 7. Bb5 a6 8. Bxc6+ bxc6 9. 0-0 Be7 10. dxc5 Bxc5 11. Qa4 Qc7 12. e4 0-0 13. e5 Nd7 14. Bf4 Qb7 15. Qc2 Be7 16. Rad1 Nc5 17. Ng5 Bxg5 18. Bxg5 Bg4 19. Rd4 Bh5 20. Nxd5 Ne6 21. Rb4 Qa7 22. Ne7+ Kh8 23. Nxc6 Qd7 24. Be3 Rac8 25. Rc4 Qd5 26. Rc1 Rc7 27. Nb4 Rxc4 28. Nxd5 Rxc2 29. Rxc2 Rd8 30. Rd2 Bg6 31. Ne7 Bb1 32. Rxd8+ Nxd8 33. a3 Be4 34. f3 Bb7 35. Nf5 g6 36. Nd6 Bd5 37. b4 Nc6 38. f4 h5 39. g3 Kg7 40. Bc5 Bb3 41. Ne8+ Kg8 42. Nc7 Bc4 43. Kf2 Nd8 44. Ke3 Ne6 45. Ne8 Bb5 46. Nf6+ Kg7 47. Be7 Kh8 48. Ne4 Kg8 49. Nd6 Bc6 50. Kd3 Nc7 51. Kc4 Nb5 52. Kc5 Bd7 53. Nxb5 axb5 54. Kb6 f5 55. exf6 Kf7 56. Ka5 Ke6 57. a4 bxa4 58. b5 a3 59. Bxa3 Kxf6 60. Ka6 Kf5 61. b6 Bc6 62. b7 Bxb7+ 63. Kxb7 Kg4 64. Be7 1-0

[Event "MNT-ch 75th"]
[Site "Podgorica"]
[Date "2023.02.05"]
[Round "1"]
[White "Milosevic, Vuk"]
[Black "Djurovic, Peko"]
[Result "0-1"]
[WhiteElo "1527"]
[BlackElo "2112"]
[PlyCount "48"]
[EventDate "2023.02.05"]
[EventType "swiss"]
[EventRounds "9"]
[EventCountry "MNE"]
[SourceTitle "CBM 212 Extra"]
[Source "ChessBase"]
[SourceDate "2023.03.31"]
[SourceVersion "1"]
[SourceVersionDate "2023.03.31"]
[SourceQuality "1"]

1. d4 d5 2. Nc3 Nf6 3. Bf4 e6 4. Nb5 Na6 5. Nf3 Ne4 6. Nd2 g5 7. Be3 c6 8. Nxe4 dxe4 9. Nc3 f5 10. g3 Nc7 11. Qd2 Be7 12. h4 gxh4 13. gxh4 Nd5 14. Nxd5 Qxd5 15. Rh3 e5 16. f4 exf3 17. Bf2 Be6 18. Rxf3 0-0-0 19. b3 e4 20. c4 Qd7 21. Re3 Bf6 22. 0-0-0 Bxd4 23. Rf3 Bb2+ 24. Kc2 Qxd2+ 0-1

[Event "Paracin Prestige op"]
[Site "Paracin"]
[Date "2023.01.17"]
[Round "1"]
[White "Djurovic, Peko"]
[Black "Garifullina, Leya"]
[Result "0-1"]
[WhiteElo "2082"]
[BlackElo "2357"]
[PlyCount "62"]
[EventDate "2023.01.17"]
[EventType "swiss"]
[EventRounds "9"]
[EventCountry "SRB"]
[SourceTitle "CBM 212 Extra"]
[Source "ChessBase"]
[SourceDate "2023.03.31"]
[SourceVersion "1"]
[SourceVersionDate "2023.03.31"]
[SourceQuality "1"]

1. e4 c5 2. Nf3 d6 3. d4 cxd4 4. Nxd4 Nf6 5. Nc3 a6 6. h3 e5 7. Nde2 h5 8. g3 Be6 9. Bg2 Nbd7 10. 0-0 Rc8 11. Be3 b5 12. f4 Be7 13. a4 b4 14. Nd5 Nxd5 15. exd5 Bf5 16. c3 bxc3 17. Nxc3 exf4 18. Rxf4 Bg6 19. Qe2 Ne5 20. Be4 Qd7 21. Bxg6 Nxg6 22. Re4 Qxh3 23. Bf4 Kf8 24. Re1 Ne5 25. Rxe5 dxe5 26. Qxe5 Bc5+ 27. Be3 Bxe3+ 28. Rxe3 h4 29. g4 Qxg4+ 30. Kh2 Rh6 31. Re2 Rg6 0-1

[Event "Wch U20 59th"]
[Site "Cala Gonone"]
[Date "2022.10.20"]
[Round "9"]
[White "Djurovic, Peko"]
[Black "Kanyamarala, Tarun"]
[Result "0-1"]
[WhiteElo "2084"]
[BlackElo "2407"]
[PlyCount "62"]
[EventDate "2022.10.12"]
[EventType "swiss"]
[EventRounds "11"]
[EventCountry "ITA"]
[SourceTitle "CBM 210 Extra"]
[Source "ChessBase"]
[SourceDate "2022.11.30"]
[SourceVersion "1"]
[SourceVersionDate "2022.11.30"]
[SourceQuality "1"]

1. e4 c5 2. Nf3 e6 3. d4 cxd4 4. Nxd4 a6 5. Nc3 b5 6. a3 Bb7 7. Bd3 Nc6 8. Nxc6 Bxc6 9. 0-0 Qb8 10. f4 Bc5+ 11. Kh1 Ne7 12. Qg4 Qb7 13. Bd2 f5 14. Qxg7 Rg8 15. Qe5 Qa7 16. Qf6 0-0-0 17. Rae1 Rdf8 18. Qh6 Bd4 19. Qh4 Rf7 20. Re2 Qb7 21. Qe1 Rfg7 22. g3 h5 23. Nd1 h4 24. Kg2 hxg3 25. h4 Bf2 26. Nxf2 gxf2+ 27. Kxf2 Rg2+ 28. Ke3 R8g3+ 29. Kd4 Qb6+ 30. Kc3 Qc5+ 31. Kb3 Qc4# 0-1

[Event "Wch U16"]
[Site "Mamaia"]
[Date "2022.09.12"]
[Round "7"]
[White "Krishnan, Ritvik"]
[Black "Djurovic, Peko"]
[Result "1/2-1/2"]
[WhiteElo "2222"]
[BlackElo "2147"]
[PlyCount "55"]
[EventDate "2022.09.06"]
[EventType "swiss"]
[EventRounds "11"]
[EventCountry "ROU"]
[SourceTitle "CBM 210 Extra"]
[Source "ChessBase"]
[SourceDate "2022.11.30"]
[SourceVersion "1"]
[SourceVersionDate "2022.11.30"]
[SourceQuality "1"]

1. e4 c5 2. Nf3 Nc6 3. d4 cxd4 4. Nxd4 Nf6 5. Nc3 e5 6. Ndb5 d6 7. Bg5 a6 8. Na3 b5 9. Nd5 Be7 10. Bxf6 Bxf6 11. c3 Bg5 12. Nc2 0-0 13. a4 bxa4 14. Rxa4 a5 15. Bc4 Bd7 16. 0-0 Nb4 17. Ra3 Nxd5 18. Bxd5 Rb8 19. b3 Kh8 20. Qe2 Qc7 21. c4 f5 22. exf5 Bxf5 23. Ne3 Qc5 24. Rfa1 Qd4 25. Rd1 Qc5 26. Rda1 Qd4 27. Rd1 Qc5 28. Rda1 1/2-1/2

[Event "Pozarevac Rudar 3rd"]
[Site "Pozarevac"]
[Date "2022.08.10"]
[Round "8"]
[White "Pobor, Milo"]
[Black "Djurovic, Peko"]
[Result "1-0"]
[WhiteElo "2292"]
[BlackElo "2194"]
[PlyCount "103"]
[EventDate "2022.08.04"]
[EventType "tourn"]
[EventRounds "9"]
[EventCountry "SRB"]
[SourceTitle "CBM 209 Extra"]
[Source "ChessBase"]
[SourceDate "2022.09.30"]
[SourceVersion "1"]
[SourceVersionDate "2022.09.30"]
[SourceQuality "1"]

1. e4 c5 2. Nf3 Nc6 3. Bb5 Nd4 4. Nxd4 cxd4 5. 0-0 a6 6. Be2 e5 7. d3 Ne7 8. f4 d6 9. Nd2 Nc6 10. Nf3 Be7 11. c3 dxc3 12. bxc3 0-0 13. d4 exd4 14. Nxd4 d5 15. e5 Qc7 16. Be3 Na5 17. Rc1 Nc4 18. Bf2 b5 19. Bf3 Bb7 20. Qd3 Rfd8 21. Rfe1 Rac8 22. e6 f6 23. Nf5 g6 24. Nxe7+ Qxe7 25. Bd4 f5 26. h3 Rc6 27. Bf6 Qxf6 28. e7 Re8 29. Qxd5+ Kg7 30. Qd7 Rcc8 31. Bxb7 Nb6 32. Qd4 Qxd4+ 33. cxd4 Rxc1 34. Rxc1 Rxe7 35. Bxa6 b4 36. Rb1 Nd5 37. Bc4 Nxf4 38. Rxb4 Kf6 39. a4 Re4 40. a5 Rxd4 41. a6 Nd5 42. Bxd5 Rxb4 43. a7 Ra4 44. a8Q Rxa8 45. Bxa8 h5 46. Kf2 Ke5 47. Kg3 f4+ 48. Kf3 Kf5 49. Be4+ Kg5 50. Bxg6 Kxg6 51. Kxf4 Kf6 52. h4 1-0

[Event "Pozarevac Rudar 3rd"]
[Site "Pozarevac"]
[Date "2022.08.09"]
[Round "7"]
[White "Djurovic, Peko"]
[Black "Lu, Miaoyi"]
[Result "0-1"]
[WhiteElo "2194"]
[BlackElo "2225"]
[PlyCount "70"]
[EventDate "2022.08.04"]
[EventType "tourn"]
[EventRounds "9"]
[EventCountry "SRB"]
[SourceTitle "CBM 209 Extra"]
[Source "ChessBase"]
[SourceDate "2022.09.30"]
[SourceVersion "1"]
[SourceVersionDate "2022.09.30"]
[SourceQuality "1"]

1. e4 c5 2. Nf3 Nc6 3. d4 cxd4 4. Nxd4 Nf6 5. Nc3 e6 6. Nxc6 bxc6 7. Bd3 d5 8. 0-0 Be7 9. Qf3 Nd7 10. Qg3 Bf6 11. exd5 cxd5 12. Nxd5 exd5 13. Re1+ Kf8 14. Bf4 Kg8 15. Bc7 Qf8 16. Bb5 a5 17. Rad1 d4 18. Rd2 g6 19. Qf3 Ra6 20. Bxa6 Bxa6 21. Qc6 Qc8 22. c4 Be5 23. Rxe5 Nxe5 24. Qf6 Qxc7 25. Qxa6 Qxc4 26. Qxc4 Nxc4 27. Rc2 Ne5 28. f4 Nd3 29. g3 Kg7 30. Rd2 Nc1 31. b3 d3 32. Rd1 Nxa2 33. Rxd3 Nc1 34. Rd5 Nxb3 35. Rb5 a4 0-1

[Event "Podgorica Buducnost op"]
[Site "Podgorica"]
[Date "2021.11.21"]
[Round "4"]
[White "Vujacic, Igor"]
[Black "Djurovic, Peko"]
[Result "0-1"]
[WhiteElo "2194"]
[BlackElo "2176"]
[PlyCount "82"]
[EventDate "2021.11.19"]
[EventType "swiss"]
[EventRounds "5"]
[EventCountry "MNE"]
[SourceTitle "CBM 205 Extra"]
[Source "ChessBase"]
[SourceDate "2022.01.31"]
[SourceVersion "1"]
[SourceVersionDate "2022.01.31"]
[SourceQuality "1"]

1. Nf3 d5 2. c4 e6 3. g3 Nf6 4. Bg2 Be7 5. 0-0 0-0 6. b3 b6 7. Bb2 Bb7 8. Ne5 c6 9. d4 Qc7 10. Nc3 dxc4 11. Nxc4 Rd8 12. e3 c5 13. Nb5 Qc8 14. Bxb7 Qxb7 15. Qc1 Na6 16. Rd1 Ne4 17. Nd2 Ng5 18. h4 Nh3+ 19. Kf1 Nb4 20. Qc3 Rac8 21. dxc5 Bf6 22. Qxb4 Bxb2 23. Rab1 bxc5 24. Qc4 Qh1+ 25. Ke2 Qg2 26. Rf1 Nxf2 27. Rg1 Rxd2+ 28. Kxd2 Ne4+ 29. Kd3 Rd8+ 30. Nd4 Qf3 31. Rbf1 Nf2+ 32. Kc2 cxd4 33. Kxb2 dxe3 34. Qc3 Qe4 35. Ka1 Nd3 36. Rb1 e2 37. h5 h6 38. a4 Rd6 39. Qc8+ Kh7 40. Qc2 Rc6 41. Qd2 Qd4+ 0-1